Desarrollo de sistema web para la gestión y recuperación de cartera de la empresa INTESA
Presenta el análisis y desarrollo de un sistema web para la gestión y recuperación de cartera que será implementado para la empresa Intesa, empresa gestora de cobros de grandes empresas.
| Main Authors: | , |
|---|---|
| Other Authors: | |
| Format: | Tesis Section = Libro |
| Language: | Undetermined Spanish |
| Published: |
Managua
UNI
2021
|
| Subjects: |
| LEADER | 01010nam a2200265Ia 4500 | ||
|---|---|---|---|
| 008 | 240830s9999 xx 000 0 und d | ||
| 040 | |a BIBLIOTECA-RUSB/ Mon 005.3 C146 | ||
| 041 | |a spa | ||
| 082 | |a Mon 005.3 C146 | ||
| 100 | 1 | |a Calderón Espinoza, Roxana Isabel | |
| 100 | 1 | |b González Contreras, Joseling Jomara | |
| 245 | 1 | 0 | |a Desarrollo de sistema web para la gestión y recuperación de cartera de la empresa INTESA |
| 260 | |a Managua |b UNI |c 2021 | ||
| 300 | |a 105 p. :il. | ||
| 500 | |a Incluye anexos y CD. | ||
| 502 | |a Ingeniero en Computación | ||
| 520 | 3 | |a Presenta el análisis y desarrollo de un sistema web para la gestión y recuperación de cartera que será implementado para la empresa Intesa, empresa gestora de cobros de grandes empresas. | |
| 650 | 7 | |a SISTEMA WEB | |
| 650 | 7 | |b SISTEMA DE INFORMACION | |
| 650 | 7 | |c PRODUCTIVIDAD- LOGROS | |
| 650 | 7 | |d GESTION DE DATOS | |
| 700 | 1 | |a Tutor: |b Chávez Mairena, Luis Eduardo | |
| 942 | |c BK |2 ddc | ||
| 991 | |a TESIS | ||
| 999 | |c 22224 | ||